असम की भाषाएँ / (Record no. 212614)

MARC details
000 -LEADER
fixed length control field 01010nam a22002297a 4500
005 - DATE AND TIME OF LATEST TRANSACTION
control field 20260112125915.0
010 ## - LCCN (DPL NO)
LC control number HIN-130011
020 ## - INTERNATIONAL STANDARD BOOK NUMBER
International Standard Book Number 9789354427428
Terms of availability 700.00
035 ## - SYSTEM CONTROL NUMBER
System control number HN-102357
037 ## - SOURCE OF ACQUISITION
Source of stock number/acquisition DBAD
082 ## - DEWEY DECIMAL CLASSIFICATION NUMBER
Classification number 954.51
100 ## - MAIN ENTRY--PERSONAL NAME
Personal name देवी , गणेश
245 ## - TITLE STATEMENT
Title असम की भाषाएँ /
Statement of responsibility, etc गणेश देवी, बिभा भराली एवं बनानी चक्रवर्ती
260 ## - PUBLICATION, DISTRIBUTION, ETC. (IMPRINT)
Place of publication, distribution, etc हैदराबाद
Name of publisher, distributor, etc ओरिएंट ब्लैकस्वान प्राइवेट लि.
Date of publication, distribution, etc 2025
270 ## - ADDRESS
Address 3-6-752 हिमायत नगर, हैदराबाद
City हैदराबाद
300 ## - PHYSICAL DESCRIPTION
Extent 592पृ.
Dimensions 24 सेमी (सजिल्द)
490 ## - SERIES STATEMENT
Volume number/sequential designation 954.51
700 ## - ADDED ENTRY--PERSONAL NAME
Personal name देवी, गणेश
9 (RLIN) 83343
700 ## - ADDED ENTRY--PERSONAL NAME
Personal name भराली,बिभा
9 (RLIN) 83344
700 ## - ADDED ENTRY--PERSONAL NAME
Personal name चक्रवर्ती, बनानी
9 (RLIN) 83345
942 ## - ADDED ENTRY ELEMENTS (KOHA)
Source of classification or shelving scheme Dewey Decimal Classification
Item type Hindi Books
Classification part 954.51
Call number suffix गणेश
Holdings
Withdrawn status Lost status Not for loan Collection code Home library Current library Date acquired Source of acquisition Cost, normal purchase price Full call number Barcode Copy number Cost, replacement price Koha item type
      Non-fiction Bawana Bawana 25/07/2025 DBAD 700.00 954.51 गणेश HN-102357 1 700.00 Hindi Books

© Delhi Public Library
Hit Counter
free hit counter